[Event "Sant Gregori op 4th"]
[Site "Sant Gregori"]
[Date "2019.07.11"]
[Round "4.3"]
[White "Urbano Cabrera, Moises"]
[Black "Xifra Tome, Bernat"]
[Result "0-1"]
[WhiteElo "1667"]
[BlackElo "1773"]
[PlyCount "109"]
[EventDate "2019.07.08"]
[EventType "swiss"]
[EventRounds "7"]
[EventCountry "ESP"]
[SourceTitle "EXT 2024"]
[Source "ChessBase"]
[SourceDate "2023.10.10"]
[SourceVersion "1"]
[SourceVersionDate "2023.10.10"]
[SourceQuality "1"]

1. Nf3 d5 2. d4 e6 3. Nbd2 Nf6 4. g3 c5 5. e3 Nc6 6. Bg2 Bd6 7. 0-0 0-0 8. c4 b6 9. Re1 cxd4 10. exd4 Bb7 11. a3 dxc4 12. Nxc4 Be7 13. Ne3 Rc8 14. b4 Qc7 15. Bb2 Rfd8 16. Rc1 Qb8 17. Qb3 Bf8 18. Red1 Ne7 19. Qd3 g6 20. Qe2 Bg7 21. h4 Nfd5 22. Nxd5 Nxd5 23. h5 Ne7 24. hxg6 hxg6 25. Ne5 Bxg2 26. Kxg2 Qb7+ 27. Qf3 Qxf3+ 28. Nxf3 Rxc1 29. Rxc1 Rd7 30. Rc2 Nf5 31. Ne5 Rd5 32. Rc7 Nxd4 33. Bxd4 Bxe5 34. Bxe5 Rxe5 35. Rxa7 b5 36. Rc7 Kg7 37. Rc5 Rxc5 38. bxc5 Kf6 39. Kf3 Ke5 40. Ke3 Kd5 41. Kd3 Kxc5 42. f3 e5 43. Kc3 f5 44. Kd3 g5 45. Kc3 g4 46. fxg4 fxg4 47. Kd3 Kd5 48. Ke3 e4 49. Ke2 Kd4 50. Kd2 e3+ 51. Ke1 Kd3 52. a4 b4 53. a5 b3 54. a6 b2 55. a7 0-1

[Event "Sant Gregori op 4th"]
[Site "Sant Gregori"]
[Date "2019.07.10"]
[Round "3.4"]
[White "Garcia Estruch, Jorge"]
[Black "Urbano Cabrera, Moises"]
[Result "0-1"]
[WhiteElo "1805"]
[BlackElo "1667"]
[PlyCount "66"]
[EventDate "2019.07.08"]
[EventType "swiss"]
[EventRounds "7"]
[EventCountry "ESP"]
[SourceTitle "EXT 2024"]
[Source "ChessBase"]
[SourceDate "2023.10.10"]
[SourceVersion "1"]
[SourceVersionDate "2023.10.10"]
[SourceQuality "1"]

1. e4 c5 2. d4 cxd4 3. c3 dxc3 4. Nxc3 e6 5. Nf3 Bb4 6. Bc4 Qc7 7. Qd4 Nf6 8. 0-0 Bxc3 9. Qxc3 b5 10. Bxb5 Qxc3 11. bxc3 Nxe4 12. Ba3 Ba6 13. Nd4 Bb7 14. Rfc1 Nc6 15. f3 Nf6 16. Rab1 Nxd4 17. cxd4 Bd5 18. Rc2 Ng8 19. Rc7 Nf6 20. Rbc1 Rd8 21. Rxa7 Bxa2 22. Bd6 Bd5 23. Rcc7 h5 24. Rc2 h4 25. f4 Rh5 26. Be2 Rf5 27. g3 Be4 28. Rc5 Rxc5 29. dxc5 hxg3 30. hxg3 Bc6 31. Bd3 Ra8 32. Rc7 Nd5 33. Rxc6 dxc6 0-1

[Event "Girona Gerunda op1st"]
[Site "Girona"]
[Date "2017.11.14"]
[Round "6"]
[White "Urbano Cabrera, Moises"]
[Black "Lambier Cornella, Jaume"]
[Result "1-0"]
[WhiteElo "1879"]
[BlackElo "1723"]
[PlyCount "69"]
[EventDate "2017.09.26"]
[EventType "swiss"]
[EventRounds "9"]
[EventCountry "ESP"]
[SourceTitle "EXT 2019"]
[Source "ChessBase"]
[SourceDate "2018.10.10"]
[SourceVersion "1"]
[SourceVersionDate "2018.10.10"]
[SourceQuality "1"]

1. Nf3 e6 2. c4 Nf6 3. g3 d5 4. Bg2 c5 5. 0-0 Be7 6. b3 Bd7 7. Ne5 Nc6 8. Nxd7 Qxd7 9. Bb2 0-0 10. e3 a6 11. Qe2 Rfe8 12. d3 d4 13. e4 e5 14. Nd2 b6 15. f4 Bd6 16. f5 Nb4 17. Rfc1 a5 18. a3 Nc6 19. g4 h6 20. h4 Be7 21. Kf2 Nh7 22. Rh1 Qd8 23. Nf3 Nf6 24. Kg3 Nh7 25. Rag1 Bf6 26. Bc1 Kh8 27. Kf2 a4 28. bxa4 Rxa4 29. Bf1 Rg8 30. g5 hxg5 31. hxg5 Be7 32. g6 fxg6 33. fxg6 Rf8 34. Rxh7+ Kg8 35. Rgh1 1-0

[Event "Girona Gerunda op1st"]
[Site "Girona"]
[Date "2017.11.07"]
[Round "5"]
[White "Codina Broto, Sergi"]
[Black "Urbano Cabrera, Moises"]
[Result "1/2-1/2"]
[WhiteElo "1984"]
[BlackElo "1879"]
[PlyCount "105"]
[EventDate "2017.09.26"]
[EventType "swiss"]
[EventRounds "9"]
[EventCountry "ESP"]
[SourceTitle "EXT 2019"]
[Source "ChessBase"]
[SourceDate "2018.10.10"]
[SourceVersion "1"]
[SourceVersionDate "2018.10.10"]
[SourceQuality "1"]

1. e4 d6 2. d4 g6 3. g3 Bg7 4. Bg2 Nf6 5. Nc3 c6 6. a4 Nbd7 7. Nf3 0-0 8. 0-0 e5 9. dxe5 dxe5 10. Be3 Re8 11. h3 h6 12. Qd2 Kh7 13. Rfd1 Qc7 14. a5 Nf8 15. Ne1 Ne6 16. Nd3 Rd8 17. Kh2 Bd7 18. Na4 Be8 19. Qc3 Nd7 20. Nac5 Nd4 21. Nb3 Nxb3 22. Qxb3 b6 23. Qc3 c5 24. b4 Rac8 25. bxc5 Nxc5 26. axb6 axb6 27. Nxc5 bxc5 28. Rxd8 Qxd8 29. Ra5 c4 30. Rd5 Qe7 31. Bf1 Bd7 32. h4 Be6 33. Rd1 Qb7 34. f3 Qb5 35. Bh3 f5 36. Rd6 Qe8 37. exf5 gxf5 38. Qd2 Bf8 39. Rb6 Rd8 40. Qa5 Bd6 41. f4 Ra8 42. Qd2 Bc7 43. Rb7 Qc6 44. Qb4 Kg6 45. Bg2 e4 46. Bd4 Re8 47. Rb5 Bd6 48. Qa5 Ra8 49. Qb6 Qxb6 50. Rxb6 Rd8 51. Be5 Bxe5 52. Rxe6+ Bf6 53. h5+ 1/2-1/2

[Event "Girona Gerunda op1st"]
[Site "Girona"]
[Date "2017.10.10"]
[Round "2"]
[White "Urbano Cabrera, Moises"]
[Black "Diaz Comas, Jordi"]
[Result "1/2-1/2"]
[WhiteElo "1879"]
[BlackElo "2067"]
[PlyCount "72"]
[EventDate "2017.09.26"]
[EventType "swiss"]
[EventRounds "9"]
[EventCountry "ESP"]
[SourceTitle "EXT 2019"]
[Source "ChessBase"]
[SourceDate "2018.10.10"]
[SourceVersion "1"]
[SourceVersionDate "2018.10.10"]
[SourceQuality "1"]

1. Nf3 d6 2. c4 Bg4 3. Nc3 Bxf3 4. exf3 c5 5. g3 Nc6 6. Bg2 e6 7. 0-0 Nf6 8. f4 Be7 9. b3 Rb8 10. Bb2 0-0 11. Ne2 Qc7 12. d4 Rbd8 13. Qd2 Rfe8 14. Rfe1 Nb8 15. Rac1 Nbd7 16. Rcd1 Bf8 17. Bc3 g6 18. Qb2 Bg7 19. dxc5 dxc5 20. Nc1 Nh5 21. Nd3 Bxc3 22. Qxc3 b6 23. Ne5 Nxe5 24. fxe5 Ng7 25. g4 Rd7 26. Bf3 Red8 27. Rxd7 Rxd7 28. Rd1 Qd8 29. Rxd7 Qxd7 30. Qe3 Ne8 31. Qe4 f6 32. Qa8 Kf7 33. Bc6 Qd1+ 34. Kg2 Qxg4+ 35. Kh1 Qd1+ 36. Kg2 Qg4+ 1/2-1/2

[Event "Girona Gerunda op1st"]
[Site "Girona"]
[Date "2017.09.26"]
[Round "1"]
[White "Cuerda Quintana, Antoni"]
[Black "Urbano Cabrera, Moises"]
[Result "0-1"]
[WhiteElo "1665"]
[BlackElo "1879"]
[PlyCount "76"]
[EventDate "2017.09.26"]
[EventType "swiss"]
[EventRounds "9"]
[EventCountry "ESP"]
[SourceTitle "EXT 2019"]
[Source "ChessBase"]
[SourceDate "2018.10.10"]
[SourceVersion "1"]
[SourceVersionDate "2018.10.10"]
[SourceQuality "1"]

1. e4 c5 2. Bc4 Nc6 3. Nf3 d6 4. h3 Nf6 5. Nc3 g6 6. 0-0 Bg7 7. Re1 0-0 8. d3 Na5 9. Bb3 Nxb3 10. axb3 e6 11. Bg5 h6 12. Be3 b6 13. Qd2 Kh7 14. e5 Ne8 15. Ra4 Bb7 16. Rh4 Bxf3 17. Bg5 Qb8 18. Bxh6 Bh5 19. Bg5 dxe5 20. g4 Nf6 21. gxh5 Nxh5 22. Ne4 f6 23. Qe2 Kg8 24. Rxh5 gxh5 25. Qxh5 Qe8 26. Qxe8 Raxe8 27. Bh4 Rd8 28. Re3 Rd4 29. c3 Rdd8 30. Rg3 Kf7 31. Rf3 Kg6 32. Kg2 a6 33. Kg3 f5 34. Ng5 Rde8 35. Kg2 Bf6 36. Rg3 Bxg5 37. Rxg5+ Kf7 38. Rg3 Rg8 0-1

[Event "Santa Eugenia op 9th"]
[Site "Santa Eugenia"]
[Date "2014.05.09"]
[Round "3"]
[White "Bonell Gleich, Xavier"]
[Black "Urbano Cabrera, Moises"]
[Result "1-0"]
[WhiteElo "1842"]
[BlackElo "1953"]
[PlyCount "89"]
[EventDate "2014.04.25"]
[EventType "swiss"]
[EventRounds "9"]
[EventCountry "ESP"]
[SourceTitle "EXT 2015"]
[Source "ChessBase"]
[SourceDate "2014.11.20"]
[SourceVersion "1"]
[SourceVersionDate "2014.11.20"]
[SourceQuality "1"]

1. e4 d5 2. Nc3 d4 3. Nce2 c5 4. d3 Nc6 5. Bd2 Nf6 6. Qc1 e5 7. Ng3 Bd6 8. Be2 Qc7 9. Nh5 Be6 10. Nxg7+ Kd7 11. Nxe6 fxe6 12. g3 Raf8 13. Nh3 h5 14. Bg5 Ng4 15. f3 Ne3 16. Bxe3 dxe3 17. c3 b5 18. Qxe3 Ne7 19. 0-0 Ng6 20. d4 exd4 21. Bxb5+ Kc8 22. cxd4 Bxg3 23. e5 Bh4 24. Rac1 Be7 25. f4 Nh4 26. Rf2 Rfg8+ 27. Ng5 Qb7 28. Bc4 Qc6 29. Kf1 Rg6 30. b4 Nf5 31. Qf3 Nxd4 32. Qxc6+ Nxc6 33. Nxe6 Rhg8 34. Ke2 Kb8 35. b5 Na5 36. Ng5 Nxc4 37. Rxc4 Kc7 38. h4 Kb6 39. a4 Rd8 40. f5 Rgg8 41. f6 Bf8 42. Ke3 Bh6 43. Rf5 Rd1 44. f7 Rgd8 45. Rf6+ 1-0

[Event "Santa Eugenia op 9th"]
[Site "Santa Eugenia"]
[Date "2014.05.02"]
[Round "2"]
[White "Urbano Cabrera, Moises"]
[Black "Serrat Rifa, Ernest"]
[Result "0-1"]
[WhiteElo "1953"]
[BlackElo "2225"]
[PlyCount "88"]
[EventDate "2014.04.25"]
[EventType "swiss"]
[EventRounds "9"]
[EventCountry "ESP"]
[SourceTitle "EXT 2015"]
[Source "ChessBase"]
[SourceDate "2014.11.20"]
[SourceVersion "1"]
[SourceVersionDate "2014.11.20"]
[SourceQuality "1"]

1. Nf3 Nf6 2. b3 c5 3. Bb2 d5 4. e3 Bg4 5. h3 Bh5 6. Be2 Nc6 7. 0-0 Qc7 8. d4 0-0-0 9. c4 e6 10. a3 h6 11. Qc1 cxd4 12. exd4 dxc4 13. Qxc4 Bxf3 14. Bxf3 Nxd4 15. Qd3 Qf4 16. Bxd4 Qxd4 17. Rc1+ Kb8 18. Qb5 Nd5 19. Nc3 a6 20. Qa5 Qb6 21. Qxb6 Nxb6 22. Ne4 Be7 23. Nc5 Nd5 24. b4 Ka7 25. Rab1 Rc8 26. Kf1 Bg5 27. Re1 Rhd8 28. g3 Bd2 29. Re5 b6 30. Nb3 Bg5 31. Rd1 Bf6 32. Ree1 Rc3 33. Bxd5 Rxd5 34. Rxd5 exd5 35. Re3 Rc2 36. Rd3 Rb2 37. h4 Kb7 38. Kg2 Kc6 39. a4 Rc2 40. Nd4+ Bxd4 41. Rxd4 Rc4 42. Rf4 Rxf4 43. gxf4 d4 44. Kf3 Kd5 0-1

[Event "Santa Eugenia op 9th"]
[Site "Santa Eugenia"]
[Date "2014.04.25"]
[Round "1"]
[White "Boubakha, Abderrahim"]
[Black "Urbano Cabrera, Moises"]
[Result "0-1"]
[WhiteElo "1700"]
[BlackElo "1953"]
[PlyCount "87"]
[EventDate "2014.04.25"]
[EventType "swiss"]
[EventRounds "9"]
[EventCountry "ESP"]
[SourceTitle "EXT 2015"]
[Source "ChessBase"]
[SourceDate "2014.11.20"]
[SourceVersion "1"]
[SourceVersionDate "2014.11.20"]
[SourceQuality "1"]

1. e4 c5 2. Bc4 d6 3. Nf3 Nc6 4. Ng5 e6 5. d3 Nf6 6. 0-0 h6 7. Nf3 Be7 8. Nc3 a6 9. Bf4 Na5 10. e5 dxe5 11. Bxe5 b5 12. Bb3 Bb7 13. a3 Nxb3 14. cxb3 0-0 15. Na2 Qd7 16. Qd2 Bxf3 17. gxf3 Qd5 18. Qe3 Qxb3 19. Qd2 Rfd8 20. Rfd1 c4 21. Qc3 Qxc3 22. Bxc3 cxd3 23. Ba5 Rd7 24. Rd2 Nh5 25. Rad1 Nf4 26. Nb4 Bxb4 27. Bxb4 Rc8 28. b3 Rdc7 29. Bd6 Ne2+ 30. Kf1 Rc1 31. Rxd3 Rxd1+ 32. Rxd1 Rc2 33. Ke1 Nc3 34. Ra1 Nd5 35. Kd1 Rxf2 36. Rc1 Rxf3 37. Rc6 Rxb3 38. Rxa6 Kh7 39. Ra7 Kg6 40. Kc2 Rc3+ 41. Kb2 Rc6 42. Bg3 Kf6 43. Rb7 Rb6 44. Ra7 0-1

[Event "Girona op 2nd"]
[Site "Girona"]
[Date "2011.07.18"]
[Round "5"]
[White "Bonell Gleich, Xavier"]
[Black "Urbano Cabrera, Moises"]
[Result "1-0"]
[WhiteElo "1628"]
[BlackElo "1782"]
[PlyCount "59"]
[EventDate "2011.07.14"]
[EventType "swiss"]
[EventRounds "9"]
[EventCountry "ESP"]
[SourceTitle "CBM 143 Extra"]
[Source "ChessBase"]
[SourceDate "2011.08.29"]
[SourceVersion "1"]
[SourceVersionDate "2011.08.29"]
[SourceQuality "1"]

1. e4 c5 2. Nc3 Nc6 3. Nf3 g6 4. d4 cxd4 5. Nxd4 Bg7 6. Nxc6 bxc6 7. Bc4 d6 8. 0-0 e5 9. f4 Be6 10. Bxe6 fxe6 11. fxe5 Bxe5 12. Bf4 Bxf4 13. Rxf4 e5 14. Rf2 Qe7 15. Qf3 0-0-0 16. Raf1 Nh6 17. Qh3+ Nf5 18. exf5 gxf5 19. Qxf5+ Kb8 20. Qf6 Qb7 21. Qf7 d5 22. Qxb7+ Kxb7 23. Rf7+ Kb6 24. R1f6 e4 25. Na4+ Ka6 26. Nc5+ Kb5 27. Ne6 Rc8 28. Nd4+ Kc5 29. c3 Rb8 30. Rxc6# 1-0